| Поле | Инд. | ПП | Название | Значение |
|---|---|---|---|---|
| Тип записи | a | |||
| Библиографический уровень | m | |||
| 001 | _ | Контрольный номер | RU/URAIT/469629 | |
| 005 | _ | Дата корректировки | 20250915104103.2 | |
| 008 | Кодируемые данные | 160215s2021 RU y f j 000 0 rus u | ||
| 020 | a | ISBN | 978-5-534-00755-8 | |
| c | Цена, тираж | 1159.00 | ||
| 040 | a | Служба первич. каталог. | ИКО Юрайт | |
| c | Служба, преобразующая запись | ИКО Юрайт | ||
| e | Правила каталог. | RCR | ||
| 041 | a | Код языка текста | rus | |
| 044 | a | Код страны публикации | RU | |
| 080 | a | Индекс УДК | 94(075.8) | |
| 084 | 2 | Источник индекса | rubbk | |
| a | Индекс другой классификации/Индекс ББК | 63.3я73 | ||
| 100 | 1_ | a | Автор | Соловьев Константин Анатольевич |
| q | Полное имя | Константин Анатольевич | ||
| 245 | a | Заглавие | История мировых цивилизаций | |
| b | Продолж. заглавия | Учебник и практикум для вузов | ||
| c | Ответственность | под ред. Соловьева К.А. | ||
| 256 | a | Характеристики компьютерного файла | Электрон. дан. | |
| 260 | a | Место издания | Москва | |
| b | Издательство | Юрайт | ||
| c | Дата издания | 2021 | ||
| 300 | a | Объем | 377 с | |
| 440 | a | Серия | Высшее образование | |
| 500 | a | Примечание | URL: https://urait.ru/bcode/469629 (дата обращения: 23.11.2021). | |
| 520 | a | Аннотация | Учебник предназначен для формирования у студентов целостного представления о процессе цивилизационного развития человечества от его зарождения до современности, а также выработки навыков систематизации предлагаемых материалов и проведения сопоставления изучаемых цивилизационных и культурных форм. В учебнике представлена характеристика наиболее значимых цивилизаций, выявлены факторы, способствовавшие их зарождению, рассмотрены цивилизационные и культурные формы, сменявшие друг друга в ходе их эволюции, условия и причины завершения их жизненного цикла, прекращения существования или трансформации. Авторами выделены цивилизационная и культурная составляющие цивилизационного процесса, дана их структурная характеристика. Такой подход позволяет выделить типологические черты каждого из этапов в цивилизационном развитии, а также понять специфику каждой конкретной цивилизации, обозначить ее роль в процессе накопления цивилизационных достижений и культурных ценностей. Соответствует актуальным требованиям Федерального государственного образовательного стандарта высшего образования. Для студентов высших учебных заведений, обучающихся по направлениям академического бакалавриата, изучающих дисциплины «История мировых цивилизаций» и «История культуры (культурология)», аспирантов, преподавателей, а также всех тех, кто интересуется проблемами всемирной истории. | |
| 538 | a | Прим. о системных особенностях | Режим доступа: Электронно-библиотечная система Юрайт, для авториз. пользователей | |
| 653 | a | Ключевые слова | История | |
| 653 | a | Ключевые слова | Гуманитарные и общественные науки. | |
| 653 | a | Ключевые слова | История мировых цивилизаций | |
| 700 | 1_ | a | Другие авторы | Сидоров Александр Валентинович |
| q | Полное имя | Александр Валентинович | ||
| 700 | 1_ | a | Другие авторы | Кошкидько Владимир Григорьевич |
| q | Полное имя | Владимир Григорьевич | ||
| 700 | 1_ | a | Другие авторы | Купцова Ирина Валентиновна |
| q | Полное имя | Ирина Валентиновна | ||
| 700 | 1_ | a | Другие авторы | Клименко Наталья Львовна |
| q | Полное имя | Наталья Львовна | ||
| 700 | 1_ | a | Другие авторы | Макарова Елена Ивановна |
| q | Полное имя | Елена Ивановна | ||
| 700 | 1_ | a | Другие авторы | Пронкин Сергей Владимирович |
| q | Полное имя | Сергей Владимирович | ||
| 856 | 40 | u | URL | https://urait.ru/bcode/469629 |
| x | Примечание для ЭОР | https://urait.ru/book/cover/B432CE35-7E59-4202-B7FC-E306991DA02E | ||
| z | Примечание для пользователя | Участвует в КО | ||
| 856 | 41 | u | URL | https://urait.ru/book/cover/B432CE35-7E59-4202-B7FC-E306991DA02E |